Nab the Narrator Quiz Stats

 Plays Quiz Updated May 10, 2019

Score 0/20 Timer 04:00
1 Play Today
Question Answer Wrong Answers
The Shawshank Redemption Red
94.4%
Byron Hadley
0.8%
Warden Norton
0.8%
Tommy Williams
2.3%
American Beauty Lester Burnham
88.2%
Angela Hayes
4.7%
Col. Fitts
2%
Carolyn Burnham
3.1%
A Christmas Story Ralphie Parker (As An Adult)
82.1%
Mr. Parker
9.7%
Randy Parker
4.3%
Mrs. Parker
2.2%
Fight Club The Narrator
80.4%
Tyler Durden
15.5%
Marla Singer
1.3%
Robert Paulson
1.1%
Titanic Rose
78.9%
Jack Dawson
10.3%
Cal Hockley
0.7%
Molly Brown
8.5%
The Usual Suspects Verbal Kint
75%
Dean Keaton
9.2%
Dave Kujan
9%
Michael McManus
5%
Goodfellas Henry Hill
73.6%
Tommy DeVito
10%
Jimmy Conway
10.3%
Paulie Cicero
4.1%
Zombieland Columbus
69.7%
Wichita
5.7%
Tallahassee
16%
Little Rock
6.5%
The Lovely Bones Susie Salmon
68.3%
Jack Salmon
10.8%
George Harvey
9.1%
Abigail Salmon
9.7%
Full Metal Jacket Private Joker
67.3%
Gomer Pyle
6.5%
Sgt. Hartman
8.9%
Private Cowboy
15.1%
No Country for Old Men Ed Tom Bell
59.9%
Anton Chigurh
13.9%
Llewelyn Moss
15%
Carson Wells
9.2%
Million Dollar Baby Scrap Iron Dupris
59%
Frankie Dunn
25.7%
Maggie Fitzgerald
11.7%
Danger
1.8%
True Grit Mattie Ross
58.5%
Rooster Cogburn
24.7%
LaBoeuf
8.9%
Tom Chaney
5.8%
The Notebook Noah Calhoun
56%
Allie Hamilton
29.2%
Lon Hammond, Jr
4.2%
Anne Hamilton
8.8%
Stand By Me Gordie Lachance
54.7%
Chris Chambers
21.4%
Vern Tessio
6.5%
Teddy Duchamp
15.5%
Terminator 2: Judgement Day Sarah Connor
53.1%
John Connor
35.3%
T-1000
2.2%
T-800
7.5%
The Big Lebowski The Stranger
52.6%
The Dude
32.7%
Walter Sobchak
10.8%
Maude Lebowski
2%
The Fellowship of the Ring Galadriel
42%
Samwise
45.2%
Gimli
1.9%
Aragorn
9%
300 Dilios
36.2%
Leonidas
44.6%
Queen Gorgo
13.5%
King Xerxes
3.6%
The Mummy Ardeth Bay
33.5%
Rick O'Connell
46%
Evelyn Carnahan
13.8%
Imhotep
4.7%

You're not logged in!

Compare scores with friends on all Sporcle quizzes.
OR
Log In

Sporcle TV

Today on Sporcle TV


Watch our educational content, quiz creation guides, and fun videos on Sporcle TV.

Show Comments

Extras

Top Quizzes Today


Score Distribution

Your Account Isn't Verified!

In order to create a playlist on Sporcle, you need to verify the email address you used during registration. Go to your Sporcle Settings to finish the process.

Report this User

Report this user for behavior that violates our Community Guidelines.

Details: